00758nam a2200241Ia 4500001000600000003000900006008004100015040001300056040001300069041001200082100001800094100002900112245005300141245006000194250001100254260001100265260002100276260004900297300005700346500005600403650002600459650003100485 9901IT-RoPAU130308s9999 xx 000 0 und d aIT-RoPAU cIT-RoPAU aINGLESE aPlant Derrick gCodice Aut. SPICS: 2489 aAids for the Training of Conference Interpreters bAudiovisivi e L'Insegnamento delle Lingue Moderne (Gli) a1a ed. aMILANO bComune Di Milano c1968 [1° Ed.:1968 - Ed.Ling.Originale:1968] a"13 p. (prefazione: no ; testo: 13 [pagine: 15-27])" aAiuti per la Formazione di interpreti di Conferenza aDIDATTICA AUDIOVISIVA eCodice materia Spics: 4002